[Event "ch-Africa 2025"]
[Site "Kerdasa EGY"]
[Date "2025.05.19"]
[Round "8.15"]
[White "Abdin, Mahmoud"]
[Black "Mena, Martin"]
[Result "1-0"]
[BlackTitle "FM"]
[WhiteElo "1993"]
[BlackElo "2044"]
[WhiteFideId "10653376"]
[BlackFideId "10651225"]
[EventDate "2025.05.13"]

1. Nf3 Nf6 2. g3 g6 3. Bg2 Bg7 4. c4 O-O 5. O-O d5 6. cxd5 Nxd5 7. d4 Qd6 8. e4
Nb6 9. e5 Qd8 10. h3 Na6 11. Nc3 c6 12. Qe2 Be6 13. Rd1 h6 14. Kh2 Qd7 15. Be3
Nc7 16. Nd2 Ncd5 17. Nde4 Nxc3 18. bxc3 Na4 19. c4 Rac8 20. Rab1 Kh7 21. g4 f5
22. exf6 Qc7+ 23. Ng3 exf6 24. Rdc1 f5 25. gxf5 Bxf5 26. Rb4 Nb6 27. Kg1 a5 28.
Rb3 Nd7 29. Qd2 Rcd8 30. Bf4 Qc8 31. Bd6 Rf7 32. Qxa5 Bxd4 33. Rf3 Be6 34. Rxf7+
Bxf7 35. Ne4 Nb6 36. c5 Nc4 37. Qb4 b5 38. cxb6 c5 39. Bxc5 Be5 40. Be7 Rd4 41.
b7 Qb8 42. Nf6+ Kg7 43. Ng4 Ne3 44. Qxd4 Bxd4 45. fxe3 Bxe3+ 46. Nxe3 Be6 47.
Rb1 Bf5 48. Nxf5+ gxf5 49. Bd6 Qd8 1-0

[Event "ch-Africa 2025"]
[Site "Kerdasa EGY"]
[Date "2025.05.19"]
[Round "8.16"]
[White "Elnasri, Mohammed"]
[Black "Hossam Mohamed, Adham"]
[Result "1-0"]
[WhiteTitle "CM"]
[BlackTitle "CM"]
[WhiteElo "1943"]
[BlackElo "2014"]
[WhiteFideId "12200883"]
[BlackFideId "10669671"]
[EventDate "2025.05.13"]

1. e4 e6 2. b3 d5 3. Bb2 Nf6 4. e5 Nfd7 5. d4 c5 6. c3 Nc6 7. Nf3 Be7 8. Bd3 O-O
9. h4 f6 10. Bxh7+ Kxh7 11. Ng5+ fxg5 12. hxg5+ Kg8 13. Rh8+ Kxh8 14. Qh5+ Kg8
15. g6 1-0

[Event "ch-Africa 2025"]
[Site "Kerdasa EGY"]
[Date "2025.05.19"]
[Round "8.17"]
[White "Ebosse Kingue Victor Patrick"]
[Black "Kandil, Ahmed"]
[Result "0-1"]
[WhiteTitle "FM"]
[BlackTitle "FM"]
[WhiteElo "2002"]
[BlackElo "2289"]
[WhiteFideId "16400291"]
[BlackFideId "10628401"]
[EventDate "2025.05.13"]

1. Nf3 Nf6 2. d4 h6 3. e3 g6 4. Bd3 d5 5. Nbd2 Bg7 6. b3 O-O 7. Bb2 a5 8. a3
Nbd7 9. O-O c5 10. c4 dxc4 11. Nxc4 b5 12. Nce5 Qb6 13. Qc2 Bb7 14. Rfc1 Rac8
15. Qe2 b4 16. Nc4 Qc7 17. axb4 axb4 18. e4 Nh5 19. g3 cxd4 20. Na5 Qb6 21. Nxb7
Qxb7 22. Rxc8 Qxc8 23. e5 Nb6 24. Bxd4 Nd5 25. Bc4 Rd8 26. Bxd5 Rxd5 27. Qe4 Qe6
28. Ra8+ Kh7 29. Rb8 f5 30. Qh4 Rd7 31. Rxb4 Qc6 32. Kg2 e6 33. Rb6 Qd5 34. h3
Bf8 35. Be3 f4 36. Bxf4 Rf7 37. Qg4 Ng7 38. Kh2 Qe4 39. Ng1 Qd4 40. Rxe6 Qxf2+
41. Kh1 Nxe6 42. Qxe6 Ra7 43. Qc6 Ra2 44. g4 Qxf4 0-1

[Event "ch-Africa 2025"]
[Site "Kerdasa EGY"]
[Date "2025.05.19"]
[Round "8.18"]
[White "Ahmed Hassan Ahmed"]
[Black "Donkeng Hussel"]
[Result "1-0"]
[WhiteTitle "CM"]
[WhiteElo "2050"]
[BlackElo "1910"]
[WhiteFideId "12201588"]
[BlackFideId "16401794"]
[EventDate "2025.05.13"]

1. c4 Nf6 2. g3 g6 3. Bg2 Bg7 4. Nf3 O-O 5. O-O d6 6. d3 Nc6 7. Nc3 e5 8. Rb1 a5
9. a3 Bd7 10. Bg5 Qc8 11. Re1 Bh3 12. Bh1 h6 13. Bxf6 Bxf6 14. Nd5 Bg7 15. b4
axb4 16. axb4 Be6 17. Nd2 Re8 18. b5 Ne7 19. Nxe7+ Rxe7 20. Qc2 c6 21. Rec1 Qd7
22. Bg2 f5 23. bxc6 bxc6 24. Rb6 d5 25. cxd5 cxd5 26. Nb3 Bf7 27. e3 Ra3 28. Qc5
Ra7 29. Rd6 Qa4 30. Bxd5 Rac7 31. Bxf7+ Rxf7 32. Qd5 Rxc1+ 33. Nxc1 f4 34. Qb3
Qa1 35. Rc6 Qa7 36. Qb6 Qd7 37. Qb8+ Kh7 38. Qc8 fxe3 39. Qxd7 exf2+ 40. Kf1
Rxd7 41. Kxf2 Rb7 42. h4 h5 43. Ne2 Rb4 44. Kf3 Rg4 45. Nc3 Rd4 46. Ke2 Rg4 47.
Ne4 Kg8 48. Rc7 Kf8 49. Kf3 Kg8 50. Rb7 Kf8 51. Rd7 Bh6 52. Rd5 Bg7 53. Rb5 Ke7
54. Rb7+ Kf8 55. Rd7 Bh6 56. d4 exd4 57. Nf6 d3 58. Nxg4 hxg4+ 59. Kxg4 d2 60.
Kf3 Ke8 61. Rd3 g5 62. h5 g4+ 63. Kxg4 Ke7 64. Kf5 Kf7 65. g4 Be3 66. g5 Kg7 67.
h6+ Kf7 68. g6+ Kf8 69. h7 Kg7 70. Rd7+ Kh8 71. Rd8+ 1-0

[Event "ch-Africa 2025"]
[Site "Kerdasa EGY"]
[Date "2025.05.19"]
[Round "8.20"]
[White "Abugenda, Nagi"]
[Black "Cogan, Nicolas"]
[Result "0-1"]
[WhiteTitle "CM"]
[BlackTitle "CM"]
[WhiteElo "1994"]
[BlackElo "2099"]
[WhiteFideId "9202544"]
[BlackFideId "679356"]
[EventDate "2025.05.13"]

1. e4 c5 2. Nf3 Nc6 3. d4 cxd4 4. Nxd4 g6 5. c4 Bg7 6. Be3 Nf6 7. Nc3 Ng4 8.
Qxg4 Nxd4 9. Qd1 Ne6 10. Qd2 b6 11. Be2 Bb7 12. O-O O-O 13. f3 f5 14. exf5 Rxf5
15. Bd3 Rh5 16. Ne2 Qc7 17. Ng3 Rh4 18. Rad1 Rf8 19. Be2 Qe5 20. f4 Nxf4 21.
Bxf4 Rhxf4 22. Rxf4 Qxf4 23. Qxf4 Rxf4 24. Rxd7 Bd4+ 25. Kh1 Bc6 26. Rxe7 Rf2
27. Bf1 Rxb2 28. Re2 Rb1 29. Rd2 Be3 30. Re2 Bc5 31. Re6 Bd7 32. Rf6 Bf5 33. h4
Be7 34. Rc6 Bxh4 35. Ne2 Rxf1+ 36. Kh2 Bg5 37. Kg3 h5 38. Rc7 h4+ 39. Kh2 Bf4+
40. Nxf4 Rxf4 41. Rxa7 Rxc4 0-1

[Event "ch-Africa 2025"]
[Site "Kerdasa EGY"]
[Date "2025.05.19"]
[Round "8.22"]
[White "Kimani, Kimingi"]
[Black "Oluka Robert Mcligeyo"]
[Result "1/2-1/2"]
[BlackTitle "CM"]
[WhiteElo "1911"]
[BlackElo "2047"]
[WhiteFideId "10807012"]
[BlackFideId "10814647"]
[EventDate "2025.05.13"]

1. c4 e5 2. Nc3 Bb4 3. g3 Nf6 4. Bg2 Bxc3 5. bxc3 O-O 6. d4 exd4 7. cxd4 d5 8.
cxd5 Re8 9. Bg5 Nbd7 10. e3 h6 11. Bxf6 Nxf6 12. Ne2 Nxd5 13. O-O Bg4 14. Qb3 c6
15. Rfe1 Rb8 16. e4 Nb6 17. Qd3 Bxe2 18. Rxe2 c5 19. d5 Nd7 20. f4 b5 21. e5 c4
22. Qd4 Qb6 23. Qxb6 Rxb6 24. Rc1 Nc5 25. Be4 Kf8 26. Kf1 a5 27. Kf2 Nxe4+ 28.
Rxe4 Rc8 29. Ke3 c3 30. Kd3 b4 31. Rc4 Rxc4 32. Kxc4 Ke7 33. a3 h5 34. Kb3 g6
35. axb4 axb4 36. Ra1 Rb7 37. h3 Rb5 38. d6+ Ke8 39. Ra8+ Kd7 40. Ra7+ Ke8 41.
Re7+ Kf8 42. g4 hxg4 43. hxg4 Rb6 44. Rc7 Ke8 45. Rc8+ Kd7 46. Rf8 Rc6 47. Rxf7+
Kd8 1/2-1/2

[Event "ch-Africa 2025"]
[Site "Kerdasa EGY"]
[Date "2025.05.19"]
[Round "8.23"]
[White "Naipal, Hoolan"]
[Black "Naser Eldean, Ahmed"]
[Result "0-1"]
[WhiteTitle "CM"]
[BlackTitle "CM"]
[WhiteElo "1844"]
[BlackElo "2006"]
[WhiteFideId "9700382"]
[BlackFideId "9205365"]
[EventDate "2025.05.13"]

1. d4 Nf6 2. c4 g6 3. Nc3 Bg7 4. e4 d6 5. Nge2 Nbd7 6. h3 a6 7. Ng3 h5 8. Be2 c5
9. d5 h4 10. Nf1 Nh5 11. Qc2 Be5 12. Bxh5 Rxh5 13. f4 Bg7 14. Nh2 b5 15. cxb5
axb5 16. Nxb5 Qa5+ 17. Nc3 Ba6 18. Nf3 Nb6 19. Bd2 Nc4 20. Qa4+ Qxa4 21. Nxa4
Nxb2 22. Nxb2 Bxb2 23. Rb1 Bg7 24. Kf2 Bd3 25. Ke3 Bxb1 26. Rxb1 Bf6 27. Rb7
Ra3+ 28. Ke2 Rxa2 0-1

[Event "ch-Africa 2025"]
[Site "Kerdasa EGY"]
[Date "2025.05.19"]
[Round "8.24"]
[White "Ahmed Moustafa, Fares"]
[Black "Deme, Cheikh Sidy Mohamed"]
[Result "1-0"]
[WhiteElo "1968"]
[BlackElo "1998"]
[WhiteFideId "54221285"]
[BlackFideId "19900430"]
[EventDate "2025.05.13"]

1. e4 e6 2. d4 d5 3. Nd2 dxe4 4. Nxe4 Nd7 5. Nf3 Ngf6 6. Nxf6+ Nxf6 7. Be2 c5 8.
O-O cxd4 9. Qxd4 Be7 10. Qxd8+ Bxd8 11. c4 Bc7 12. b4 O-O 13. Bb2 Bd7 14. c5 b6
15. c6 Bxc6 16. Rfc1 Bxf3 17. Bxf3 Rac8 18. Bb7 Nd5 19. Bxc8 Rxc8 20. Be5 f6 21.
Bd6 Kf7 22. Rc6 Ke8 23. Rac1 Kd7 24. f4 Bxd6 25. Rxc8 Bxf4 26. R1c2 Nxb4 27.
R2c4 Nxa2 28. Rxf4 Kxc8 29. Ra4 Kb7 30. Rxa2 b5 31. Kf2 Kb6 32. Ke3 a5 33. Kd4
e5+ 34. Kd5 a4 35. Rc2 a3 36. Ra2 b4 37. Kc4 Ka5 38. Rd2 e4 39. Rd5+ Kb6 40.
Kxb4 Kc6 41. Kc4 Kb6 42. Rb5+ Ka6 43. Rb3 a2 44. Ra3+ Kb6 45. Rxa2 f5 46. Kd4
Kc6 47. Ra7 1-0

[Event "ch-Africa 2025"]
[Site "Kerdasa EGY"]
[Date "2025.05.20"]
[Round "9.1"]
[White "Wafa, Hamed"]
[Black "Bellahcene, Bilel"]
[Result "1/2-1/2"]
[WhiteTitle "IM"]
[BlackTitle "GM"]
[WhiteElo "2367"]
[BlackElo "2504"]
[WhiteFideId "10628452"]
[BlackFideId "696358"]
[EventDate "2025.05.13"]

1. e4 e6 2. d4 d5 3. e5 c5 4. c3 Nc6 5. Nf3 Qb6 6. a3 c4 7. Nbd2 Na5 8. h4 h6 9.
Rb1 Bd7 10. Be2 Ne7 11. Nf1 O-O-O 12. Bf4 Kb8 13. Ne3 Ka8 14. O-O Nc8 15. h5 Be7
16. Bg3 Rdf8 17. Bh4 f6 18. b3 cxb3 19. c4 Bc6 20. c5 Qd8 21. g3 Be8 22. exf6
gxf6 23. Nd2 f5 24. Bxe7 Nxe7 25. f4 Ng8 26. Qe1 Nf6 27. Nxb3 Nxb3 28. Rxb3 Rhg8
29. Ng2 Ne4 30. Kh2 Rg7 31. Rff3 1/2-1/2

[Event "ch-Africa 2025"]
[Site "Kerdasa EGY"]
[Date "2025.05.20"]
[Round "9.2"]
[White "Amin, Bassem"]
[Black "George Samir, David"]
[Result "1-0"]
[WhiteTitle "GM"]
[BlackTitle "FM"]
[WhiteElo "2649"]
[BlackElo "2346"]
[WhiteFideId "10601457"]
[BlackFideId "10657789"]
[EventDate "2025.05.13"]

1. e4 c5 2. Nf3 e6 3. b3 Nf6 4. e5 Nd5 5. Bb2 Nc6 6. g3 Be7 7. c4 Nc7 8. Bg2 O-O
9. O-O d5 10. exd6 Qxd6 11. Re1 Qd8 12. a3 Bf6 13. Nc3 Rb8 14. Qc2 b6 15. Rad1
Nd4 16. Nxd4 Bxd4 17. Ne2 e5 18. Bxd4 exd4 19. Nf4 Qd6 20. Be4 h6 21. Nd3 Ne6
22. f4 Bb7 23. Ne5 d3 24. Qxd3 Qxd3 25. Bxd3 Rbd8 26. Re3 Nd4 27. b4 Rfe8 28.
Kf2 Re6 29. bxc5 bxc5 30. Rb1 Bc6 31. Nxc6 Rxc6 32. Rb7 Ra6 33. Be4 g5 34. fxg5
hxg5 35. Bd5 Rf6+ 36. Kg2 a6 37. Ree7 Rf8 38. Re5 Nf5 39. Rc7 g4 40. Rxc5 Kg7
41. Be4 Nh6 42. Rg5+ Kh8 43. Rc6 Rxc6 44. Bxc6 Rc8 45. Rc5 Rd8 46. Bd5 Rb8 47.
Kf2 Rb2 48. Ke2 1-0

[Event "ch-Africa 2025"]
[Site "Kerdasa EGY"]
[Date "2025.05.20"]
[Round "9.3"]
[White "Idrissi, Chafik"]
[Black "Adly, Ahmed"]
[Result "0-1"]
[WhiteTitle "CM"]
[BlackTitle "GM"]
[WhiteElo "2107"]
[BlackElo "2597"]
[WhiteFideId "9000259"]
[BlackFideId "10601619"]
[EventDate "2025.05.13"]

1. d4 d5 2. Nf3 c6 3. c4 Nf6 4. e3 g6 5. Nc3 Bg7 6. Qb3 e6 7. Bd2 O-O 8. Rd1 Ne4
9. Bc1 f5 10. Be2 Nd7 11. O-O Nd6 12. Ne5 Nxe5 13. dxe5 Bxe5 14. cxd5 exd5 15.
Bf3 Be6 16. Na4 Qe7 0-1

[Event "ch-Africa 2025"]
[Site "Kerdasa EGY"]
[Date "2025.05.20"]
[Round "9.4"]
[White "Ahmed, Ahmed Alaa"]
[Black "Fadi, Marko"]
[Result "0-1"]
[BlackTitle "FM"]
[WhiteElo "2223"]
[BlackElo "2244"]
[WhiteFideId "10624562"]
[BlackFideId "10605371"]
[EventDate "2025.05.13"]

1. Nf3 d5 2. d4 Nf6 3. e3 e6 4. c4 Be7 5. a3 O-O 6. Nbd2 b6 7. b3 Bb7 8. Bb2
Nbd7 9. Be2 Ne4 10. O-O Bd6 11. Nxe4 dxe4 12. Ne5 Bxe5 13. dxe5 Qe7 14. b4 Rad8
15. Qc2 Qg5 16. Qc3 Rfe8 17. Rad1 Nf8 18. Rxd8 Rxd8 19. Rd1 Rd3 20. Rxd3 exd3
21. Bf1 Be4 22. Qd4 Qg6 23. Bc3 h5 24. Kh1 c5 25. bxc5 bxc5 26. Qxc5 d2 27. Bxd2
Bxg2+ 0-1

[Event "ch-Africa 2025"]
[Site "Kerdasa EGY"]
[Date "2025.05.20"]
[Round "9.5"]
[White "Fawzy, Adham"]
[Black "Nsubuga, Haruna"]
[Result "1-0"]
[WhiteTitle "GM"]
[BlackTitle "FM"]
[WhiteElo "2513"]
[BlackElo "2137"]
[WhiteFideId "10613129"]
[BlackFideId "10000569"]
[EventDate "2025.05.13"]

1. e4 c5 2. Nf3 d6 3. d4 cxd4 4. Nxd4 Nf6 5. Bd3 Nc6 6. Nxc6 bxc6 7. b3 g6 8.
Bb2 Bg7 9. O-O O-O 10. Nd2 a5 11. a4 Qc7 12. Qe2 d5 13. f4 dxe4 14. Nxe4 Nd5 15.
Bxg7 Kxg7 16. Qf2 Nb4 17. Bc4 Qa7 18. c3 Nc2 19. Rab1 Ne3 20. Rfe1 Nxc4 21. bxc4
Qxf2+ 22. Kxf2 Bf5 23. Rb7 Be6 24. Nc5 Bxc4 25. Rexe7 Rfe8 26. g4 Rab8 27. g5
Rxe7 28. Rxb8 Re2+ 29. Kf3 f5 30. Rb7+ Kg8 31. h4 Rc2 32. Ke3 Bf7 33. Kd4 Re2
34. Ra7 Kf8 35. Nd7+ Kg8 36. Kc5 Rc2 37. Ne5 Bb3 38. c4 Bxa4 39. Rxa5 Bb3 40.
Ra3 Ba2 41. Ra6 Rf2 42. Kd6 Bb3 43. Ke6 Kg7 44. Ra7+ Kf8 45. Kf6 Ra2 46. Rb7 Ra8
47. Rxb3 Ke8 48. Ke6 Kd8 49. Rb8+ Rxb8 50. Nxc6+ Kc8 51. Nxb8 Kxb8 52. Kd6 1-0

[Event "ch-Africa 2025"]
[Site "Kerdasa EGY"]
[Date "2025.05.20"]
[Round "9.6"]
[White "Khalil, Ahmed Salem"]
[Black "Ezat, Mohamed"]
[Result "0-1"]
[WhiteTitle "CM"]
[BlackTitle "IM"]
[WhiteElo "2102"]
[BlackElo "2296"]
[WhiteFideId "10616624"]
[BlackFideId "10600906"]
[EventDate "2025.05.13"]

1. Nf3 Nf6 2. c4 g6 3. b4 Bg7 4. Bb2 O-O 5. g3 d6 6. Bg2 a5 7. b5 a4 8. O-O e5
9. d3 Nbd7 10. Nbd2 Nc5 11. Rb1 h6 12. Ne1 Bd7 13. Nc2 Qc8 14. Re1 Bh3 15. Bh1
Ng4 16. Nb4 f5 17. Nd5 Kh7 18. d4 Ne6 19. f3 Nf6 20. dxe5 dxe5 21. Bxe5 Nxd5 22.
cxd5 Bxe5 23. dxe6 Qxe6 24. Bg2 Bxg2 25. Kxg2 Qxa2 26. Qc1 Rfe8 27. Kf1 Rad8 28.
Nc4 Bg7 29. Nb2 a3 30. Nc4 Rd4 31. Rb4 Bf8 32. Qc3 Rd1 33. e4 0-1

[Event "ch-Africa 2025"]
[Site "Kerdasa EGY"]
[Date "2025.05.20"]
[Round "9.7"]
[White "Yousry, Salah"]
[Black "Boulrens, Ala Eddine"]
[Result "1-0"]
[WhiteTitle "FM"]
[WhiteElo "2256"]
[BlackElo "2136"]
[WhiteFideId "10601120"]
[BlackFideId "7907559"]
[EventDate "2025.05.13"]

1. e4 d6 2. d4 Nf6 3. f3 Nbd7 4. c4 e5 5. d5 g6 6. Nc3 Bg7 7. Be3 O-O 8. Qd2 Nh5
9. g4 Nf4 10. Nge2 Nxe2 11. Bxe2 h6 12. O-O-O Kh7 13. Rdg1 a5 14. Rg3 f6 15. Rh3
g5 16. Rh5 Rh8 17. h4 Kg8 18. hxg5 hxg5 19. Rxh8+ Bxh8 20. Bd3 Bg7 21. Qh2 Nf8
22. c5 Qe7 23. Qg1 Ng6 24. Kb1 Bd7 25. Qf2 Bf8 26. c6 Bc8 27. cxb7 Bxb7 28. Qc2
Nh4 29. Rf1 Qd7 30. Qb3 Qc8 31. Nb5 Ba6 32. a4 Rb8 33. Qc3 Ng2 34. Bd2 Nf4 35.
Bxf4 gxf4 36. Qxa5 Ra8 37. Qc3 Bxb5 38. Bxb5 Qb8 39. Rc1 Ra7 40. Qc6 Rb7 41. Qd7
Bg7 42. Rc2 Kf8 43. g5 c5 44. dxc6 Rxd7 45. cxd7 Qd8 46. Rc8 Ke7 47. Rxd8 Kxd8
48. a5 1-0

[Event "ch-Africa 2025"]
[Site "Kerdasa EGY"]
[Date "2025.05.20"]
[Round "9.8"]
[White "Elhusseiny, Eyad"]
[Black "Sameh Mohamed, Abdalrahman"]
[Result "1-0"]
[WhiteTitle "CM"]
[BlackTitle "IM"]
[WhiteElo "2075"]
[BlackElo "2211"]
[WhiteFideId "10681523"]
[BlackFideId "54262674"]
[EventDate "2025.05.13"]

1. d4 Nf6 2. c4 e6 3. Nf3 d5 4. cxd5 exd5 5. Qc2 c6 6. Nc3 Be7 7. Bg5 O-O 8. e3
b6 9. Bd3 h6 10. Bh4 Bb7 11. O-O Nbd7 12. Rac1 Rc8 13. Qe2 a5 14. Rc2 Ne4 15.
Bxe7 Qxe7 16. Ba6 Bxa6 17. Qxa6 Nd6 18. b3 f5 19. Rfc1 Ra8 20. Qd3 f4 21. exf4
Rxf4 22. Ne2 Re4 23. Ng3 Re6 24. Rxc6 Rf8 25. h3 Qf7 26. R1c2 Rfe8 27. Nf1 Ne4
28. Qb5 R6e7 29. Rc8 Qf5 30. Ne3 Qe6 31. Nxd5 Rf7 32. Rxe8+ Qxe8 33. Ne5 Re7 34.
Nxe7+ Qxe7 35. Qxd7 Qf6 36. Qd5+ 1-0

[Event "ch-Africa 2025"]
[Site "Kerdasa EGY"]
[Date "2025.05.20"]
[Round "9.9"]
[White "Musonda Chola"]
[Black "Ahmed, Moustafa Elsayed"]
[Result "0-1"]
[WhiteTitle "FM"]
[WhiteElo "2127"]
[BlackElo "2079"]
[WhiteFideId "8706050"]
[BlackFideId "10610804"]
[EventDate "2025.05.13"]

1. e4 c5 2. Nf3 Nc6 3. d4 cxd4 4. Nxd4 g6 5. c4 Nf6 6. Nc3 Nxd4 7. Qxd4 d6 8. c5
dxc5 9. Qxc5 Bg7 10. Bb5+ Nd7 11. Nd5 O-O 12. Qxe7 Qa5+ 13. Qb4 Qxb4+ 14. Nxb4
Re8 15. f3 a6 16. Bxd7 Bxd7 17. Nd5 f5 18. O-O fxe4 19. fxe4 Bb5 20. Nf6+ Kh8
21. Nxe8 Bd4+ 22. Kh1 Bxf1 23. Nd6 Rf8 24. Bd2 Bxb2 25. Re1 Bd3 26. h3 Be5 27.
Nxb7 Bg3 28. Rc1 Bxe4 29. Bh6 Re8 30. Nc5 Bd5 31. a4 Re2 32. Nd3 Bxg2+ 33. Kg1
Bb7 34. Rb1 Bd5 35. Rb6 Ra2 36. Rxa6 Rh2 37. Kf1 Bg2+ 38. Kg1 Bb7 39. Nf2 Rg2+ 0-1

[Event "ch-Africa 2025"]
[Site "Kerdasa EGY"]
[Date "2025.05.20"]
[Round "9.10"]
[White "Abdelnabbi, Imed"]
[Black "Abdin, Mahmoud"]
[Result "1/2-1/2"]
[WhiteTitle "IM"]
[WhiteElo "2385"]
[BlackElo "1993"]
[WhiteFideId "10600035"]
[BlackFideId "10653376"]
[EventDate "2025.05.13"]

1. d4 Nf6 2. c4 g6 3. Nc3 d5 4. Bf4 Bg7 5. e3 O-O 6. Rc1 c5 7. dxc5 Na6 8. cxd5
Nxc5 9. f3 e6 10. dxe6 Nxe6 11. Qxd8 Rxd8 12. Be5 Nc5 13. b4 Ncd7 14. Bd4 Nb6
15. Nge2 Nfd5 16. a3 Bxd4 17. exd4 Nxc3 18. Rxc3 Nd5 19. Rc1 Be6 20. g3 Rac8 21.
Rxc8 Rxc8 22. Kd2 Bf5 23. g4 Rc2+ 24. Ke1 Bd3 25. Ng3 Ne3 26. Bxd3 Ng2+ 27. Kd1
Ne3+ 28. Ke1 Ng2+ 29. Kd1 Ne3+ 1/2-1/2

[Event "ch-Africa 2025"]
[Site "Kerdasa EGY"]
[Date "2025.05.20"]
[Round "9.11"]
[White "Sayed, Hany"]
[Black "Ashraf, Shereif"]
[Result "0-1"]
[BlackTitle "FM"]
[WhiteElo "2033"]
[BlackElo "2264"]
[WhiteFideId "10605878"]
[BlackFideId "10618260"]
[EventDate "2025.05.13"]

1. e4 c5 2. Nf3 e6 3. d4 cxd4 4. Nxd4 Nc6 5. Nb5 d6 6. g3 a6 7. N5c3 Nf6 8. Bg2
h5 9. h4 Qc7 10. O-O b5 11. a4 b4 12. Ne2 Bb7 13. Bg5 Be7 14. c3 Rd8 15. Nf4 g6
16. Re1 O-O 17. cxb4 Nxb4 18. Nc3 Ng4 19. Bxe7 Qxe7 20. Qb3 a5 21. Bh3 Ne5 22.
Re3 Rc8 23. Rd1 Nc4 24. Ree1 Ne5 25. Bg2 Rfd8 26. Nb5 Bc6 27. Ne2 Kh7 28. Ned4
Ba8 29. Re2 d5 30. f4 Nec6 31. e5 Nxd4 32. Nxd4 Bc6 33. f5 exf5 34. e6 f6 35.
Bh3 Be8 36. Qe3 Nc6 37. Nb5 Ne5 38. Nd4 Rc7 39. b3 Rdc8 40. Qf4 Rb7 41. Kh1 Rb4
42. Bg2 Rc3 43. Bxd5 Qc5 44. Rxe5 fxe5 45. Qxe5 Rc1 46. Rxc1 Qxc1+ 47. Kh2 Qb2+
48. Kh3 Qxd4 49. Qc7+ Qg7 50. Qxa5 Qe7 51. Bc4 Bxa4 52. Qd5 Be8 53. Qe5 Rb6 54.
Qe3 Rb7 55. Bd5 Rc7 56. Qb6 Rc5 57. Bc4 Qc7 58. Qb4 Qe7 59. Qd2 Bb5 60. Qd1 0-1

[Event "ch-Africa 2025"]
[Site "Kerdasa EGY"]
[Date "2025.05.20"]
[Round "9.12"]
[White "Jele, Tapiwa"]
[Black "Elnasri, Mohammed"]
[Result "1-0"]
[BlackTitle "CM"]
[WhiteElo "2105"]
[BlackElo "1943"]
[WhiteFideId "11002344"]
[BlackFideId "12200883"]
[EventDate "2025.05.13"]

1. d4 d5 2. c4 c6 3. Nc3 Nf6 4. Nf3 e6 5. Bg5 dxc4 6. e4 b5 7. e5 h6 8. Bh4 g5
9. Nxg5 hxg5 10. Bxg5 Nbd7 11. exf6 Bb7 12. g3 Qb6 13. Bg2 O-O-O 14. O-O c5 15.
d5 e5 16. a4 b4 17. a5 Qa6 18. Ne4 Bh6 19. Qg4 Bxg5 20. Nxc5 Qxf6 21. Nxb7 Kxb7
22. d6+ Kc8 23. Qxc4+ Nc5 24. Qxc5+ Kd7 25. Bc6+ Ke6 26. Bd5+ Kf5 27. Qc2+ Kg4
28. Qe2+ 1-0

[Event "ch-Africa 2025"]
[Site "Kerdasa EGY"]
[Date "2025.05.20"]
[Round "9.13"]
[White "Tamer Waguih, Farid"]
[Black "Ahmed Hassan Ahmed"]
[Result "1-0"]
[WhiteTitle "FM"]
[BlackTitle "CM"]
[WhiteElo "2206"]
[BlackElo "2050"]
[WhiteFideId "10685723"]
[BlackFideId "12201588"]
[EventDate "2025.05.13"]

1. d4 d5 2. Nf3 Nf6 3. Bf4 e6 4. e3 Bd6 5. Nbd2 c5 6. dxc5 Bxc5 7. Bd3 Nc6 8.
O-O O-O 9. c4 dxc4 10. Nxc4 Nb4 11. Be2 Bd7 12. a3 Nbd5 13. Bg5 h6 14. Bh4 Be7
15. Bd3 Rc8 16. Qe2 Bb5 17. Rfd1 Bxc4 18. Bxc4 Qb6 19. Bxd5 exd5 20. Nd4 Rfd8
21. Rd3 Rd7 22. Rad1 Qa6 23. Nf5 Bf8 24. Qf3 Ne4 25. h3 g6 26. Ng3 Nxg3 27. Bxg3
Bg7 28. Qg4 Rcd8 29. R3d2 Qb6 30. Bh4 g5 31. Bg3 d4 32. h4 Qe6 33. Qxe6 fxe6 34.
hxg5 hxg5 35. exd4 Rxd4 36. Rxd4 Rxd4 37. Rc1 Rd7 38. Rc2 Kf7 39. Kf1 a6 40. Ke2
Kg6 41. b3 Kf5 42. f3 Bf6 43. Bf2 Be7 44. g4+ Kg6 45. a4 Kf7 46. Ke3 Bd6 47. Ke4
Bf4 48. Bd4 Rc7 49. Rxc7+ Bxc7 50. Be3 Kf6 51. Bd2 Bd6 52. Kd4 Be7 53. Ke4 Bd6
54. f4 gxf4 55. Bxf4 Bb4 56. Bc7 Bc3 57. Bd8+ Kf7 58. Kd3 Bb4 59. Kd4 Bd6 60.
Bg5 Kg6 61. Bd2 Kf6 62. Be3 Ba3 63. Kc4 Kg6 64. b4 Kf6 65. Kb3 1-0

[Event "ch-Africa 2025"]
[Site "Kerdasa EGY"]
[Date "2025.05.20"]
[Round "9.14"]
[White "Alhassadi, Yousef A."]
[Black "Simpson, Michael"]
[Result "0-1"]
[WhiteTitle "FM"]
[BlackTitle "FM"]
[WhiteElo "2165"]
[BlackElo "2108"]
[WhiteFideId "9204725"]
[BlackFideId "14338882"]
[EventDate "2025.05.13"]

1. e4 e5 2. Nf3 Nc6 3. d4 exd4 4. Nxd4 Nf6 5. Nxc6 bxc6 6. Bd3 d5 7. exd5 cxd5
8. O-O Be7 9. c4 d4 10. Bg5 O-O 11. Nd2 Rb8 12. Rb1 Ng4 13. Bxe7 Qxe7 14. h3 Ne5
15. Re1 Qf6 16. Bxh7+ Kxh7 17. Qh5+ Kg8 18. Qxe5 Qg6 19. Nf3 Bxh3 20. Nh4 Qh6
21. Qxd4 Rbd8 22. Qe4 Rfe8 23. Qxe8+ Rxe8 24. Rxe8+ Kh7 25. Re4 f5 26. Re3 Bg4
27. Nf3 f4 28. Rc3 g5 29. Rd1 Qf6 30. Rd5 Bxf3 31. Rxf3 g4 32. Rb3 Qe7 33. Rd1
Qc5 34. Rb5 Qxc4 35. Rbd5 g3 36. fxg3 fxg3 37. Rd7+ Kh6 38. R7d5 Qh4 39. Rf5
Qh2+ 40. Kf1 Qh1+ 41. Ke2 Qxg2+ 42. Ke3 Qxb2 43. Rf3 Qe5+ 44. Kd3 Qd5+ 45. Ke2
Qe4+ 46. Re3 Qg2+ 47. Kd3 Qh2 48. Re2 g2 49. Ree1 Qg3+ 50. Ke2 c5 51. Rg1 c4 52.
Rc1 c3 53. Rcd1 c2 54. Rc1 Qf4 55. Kd3 Qf2 56. a4 a5 57. Kc4 Kh5 58. Kb3 Kg4 59.
Rxg2+ Qxg2 60. Rxc2 Qd5+ 61. Ka3 Qd3+ 62. Kb2 Qd4+ 0-1

[Event "ch-Africa 2025"]
[Site "Kerdasa EGY"]
[Date "2025.05.20"]
[Round "9.15"]
[White "Nader Obeid"]
[Black "Abdallah, Mohamed Khalil"]
[Result "1/2-1/2"]
[WhiteTitle "FM"]
[BlackTitle "CM"]
[WhiteElo "2069"]
[BlackElo "2123"]
[WhiteFideId "12200085"]
[BlackFideId "5529506"]
[EventDate "2025.05.13"]

1. c4 Nf6 2. Nc3 e5 3. Nf3 Nc6 4. e3 Bb4 5. d4 Bxc3+ 6. bxc3 d6 7. Be2 O-O 8.
O-O Qe7 9. Ne1 Re8 10. f3 e4 11. f4 b6 12. g4 Ba6 13. Nc2 Na5 14. g5 Nd7 15. Nb4
Bxc4 16. Nc6 Nxc6 17. Bxc4 Na5 18. Ba6 d5 19. Qg4 Qe6 20. f5 Qc6 21. f6 Qe6 22.
Qg3 Nc4 23. a4 c6 24. Ra2 Rab8 25. fxg7 b5 26. Raf2 Rb6 27. Rxf7 Rxa6 28. Qf4
Re7 29. Rf6 Nxf6 30. gxf6 Rxg7+ 31. fxg7 Kxg7 32. Kh1 Rxa4 33. Rg1+ Qg6 34. Qc7+
Kh6 35. Qf4+ Kg7 36. Qc7+ Kh6 37. Rxg6+ hxg6 38. Qf4+ Kg7 39. Qc7+ Kh6 40. Qf4+
Kg7 41. Qc7+ 1/2-1/2